[Event "Bogota op 10"]
[Site "Bogota"]
[Date "2012.10.16"]
[Round "6"]
[White "Sanchez, Harrison"]
[Black "Castaneda, Victor"]
[Result "1-0"]
[WhiteElo "1748"]
[BlackElo "1901"]
[PlyCount "57"]
[EventDate "2012.10.11"]
[EventType "swiss"]
[EventRounds "9"]
[EventCountry "COL"]
[SourceTitle "EXT 2013"]
[Source "ChessBase"]
[SourceDate "2012.11.22"]
[SourceVersion "1"]
[SourceVersionDate "2012.11.22"]
[SourceQuality "1"]

1. d4 Nf6 2. c4 e6 3. Nc3 Bb4 4. Qc2 0-0 5. a3 Bxc3+ 6. Qxc3 Ne4 7. Qc2 f5 8. Nf3 d6 9. e3 b6 10. Bd3 Bb7 11. Bd2 Nd7 12. Bc3 Ndf6 13. 0-0-0 a5 14. Be1 Qe7 15. h4 c5 16. Qb3 Qc7 17. Ng5 a4 18. Qc2 Qe7 19. f3 Nxg5 20. hxg5 Nd7 21. d5 Ne5 22. Bc3 Nxd3+ 23. Qxd3 exd5 24. cxd5 Ba6 25. Qd2 Qxg5 26. g4 fxg4 27. f4 Qg6 28. Rdf1 Bc8 29. Rh4 1-0

[Event "Bogota op 10"]
[Site "Bogota"]
[Date "2012.10.14"]
[Round "4"]
[White "Sanchez, Harrison"]
[Black "Guio, Josue"]
[Result "1-0"]
[WhiteElo "1748"]
[BlackElo "1897"]
[PlyCount "29"]
[EventDate "2012.10.11"]
[EventType "swiss"]
[EventRounds "9"]
[EventCountry "COL"]
[SourceTitle "EXT 2013"]
[Source "ChessBase"]
[SourceDate "2012.11.22"]
[SourceVersion "1"]
[SourceVersionDate "2012.11.22"]
[SourceQuality "1"]

1. d4 Nf6 2. c4 g6 3. Nc3 Bg7 4. e4 d6 5. Nf3 0-0 6. Be2 e5 7. 0-0 Nc6 8. d5 Ne7 9. a4 Nh5 10. b4 a5 11. bxa5 Rxa5 12. Be3 Nf4 13. Qd2 Nxe2+ 14. Nxe2 b6 15. Nc3 1-0

[Event "Bogota op 10"]
[Site "Bogota"]
[Date "2012.10.12"]
[Round "2"]
[White "Nieto, Guillermo Luigui"]
[Black "Sanchez, Harrison"]
[Result "1-0"]
[WhiteElo "1907"]
[BlackElo "1748"]
[PlyCount "39"]
[EventDate "2012.10.11"]
[EventType "swiss"]
[EventRounds "9"]
[EventCountry "COL"]
[SourceTitle "EXT 2013"]
[Source "ChessBase"]
[SourceDate "2012.11.22"]
[SourceVersion "1"]
[SourceVersionDate "2012.11.22"]
[SourceQuality "1"]

1. e4 c6 2. d4 d5 3. exd5 cxd5 4. c4 Nf6 5. Nc3 Nc6 6. Nf3 e6 7. cxd5 Nxd5 8. Bb5 Qc7 9. 0-0 Nxc3 10. bxc3 Bd6 11. c4 0-0 12. Be3 Ne7 13. Rc1 Nf5 14. Qd2 Nxe3 15. fxe3 Ba3 16. Rc2 Be7 17. Ba4 Rd8 18. Rfc1 b6 19. Qf2 Bb7 20. Nd2 1-0